01459 2200397 4500001002100000005001500021035002000036007000300056008004100059020002200100040002200122082001800144084002000162090002200182100003200204245023000236250002900466300003800495650004400533700002800577700003100605700003800636700004600674700003500720700002700755700004000782700004000822700003500862850001200897264003400909336002100943337003000964338002300994999002201017990002201039INLIS00000000087537720221116111458 a0010-1122000333ta221116s2022 yoio g 0 ind d a978-623-261-399-7 aYOPDYOGbinderda04223a899.22102 a899.22102 BRA m aCB-D.11 2022-17040 aBramma Aji Putraepengarang10aMengenang sang pejuang literasi /cBramma Aji Putra, Harni Astuti, Mafrudah, Imam Aladin Nur, Ening Yuni Soleh Astuti, Isti Bandini, Dwi Winarti, Ayu Dewi Widowati, Anjar Purwantari, Edy Purwanto; penyunting, Bramma Aji Putra aCetakan I, Februari 2022 axii, 116 halaman :bfoto ;c20 cm 4aKesusasteraan Indonesia--xBunga rampai0 aHarni Astutiepengarang0 aMafrudahd1970-epengarang0 aImam Aladin Nurd1964-epengarang0 aEning Yuni Soleh Astutid1966-epengarang0 aIsti Bandinid1972-epengarang0 aDwi Winartiepengarang0 aAyu Dewi Widowatid1968-epengarang0 aAnjar Purwantrarid1972-epengarang0 aEdy Purwantod1973-epengarang aYOPDYOG31aBantul :bSamudra Biru,c2022 2rdacontentateks 2rdamediaatanpa perantara 2rdacarrieravolume aCB-D.11/2022-1704 aCB-D.11/2022-1704